Mulheres GOSTOSAS de One Piece - Statistics

Estatísticas Gerais
  • Esse quiz foi jogado 36 vezes
  • A pontuação média é 12 de 21
Estatísticas das Respostas
Arco em que apareceu: Mulher: % Correto
Romance Dawn Nami
96%
Amazon Lily Boa Hancock
88%
Whisky Peak Nico Robin
88%
Reverse Mountain Nefertari Vivi
77%
Vila Syrup Kaya
73%
Dressrosa Rebecca
73%
Ilha dos Homens-Peixe Shirahoshi
73%
Arlong Park Nojiko
69%
Thriller Bark Perona
69%
Zou Carrot
65%
Water Seven Kalifa
65%
Punk Hazard Monet
65%
Romance Dawn Alvida
58%
Wano Yamato
58%
Sabaody Jewelry Bonney
38%
Wano Black Maria
31%
Wano Kozuki Hiyori
23%
Ilha dos Homens-Peixe Charlotte Pudding
19%
Wano Kozuki Toki
15%
Punk Hazard Baby 5
12%
Enies Lobby Nico Olvia
4%
Nenhum quiz correspondente encontrado
Distribuição das Pontuações
Porcentagem de Pessoas com Cada Pontuação
Percentil de Números Respondidos
Sua Pontuação Histórica
Você não jogou esse quiz